Pohádky z pralesa

Podrobná bibliografia
Hlavný autor: Quiroga, Horacio, 1878-1937 (Autor)
Ďalší autori: Veselá, A. (Prekladateľ)
Médium: Kniha
Jazyk:čeština
španielčina
Fyzický popis:105 strán ilustrácie 21 cm
Vydavateľské údaje: Praha Státní nakladatelství dětské knihy 1960
Edícia:Světová knihovnička
Predmet:

MARC

LEADER 00000cam a2200000 4500
001 vtls001350201
003 SK-MaSNL
005 20260301200822.0
008 981204s1960 xr a 0000j cze
020 |q (viazané) 
035 |a SNK000303530 
040 |a SNK  |b slo  |c SNK  |e rda 
041 1 |a cze  |h spa 
072 7 |a 821.134.2-3  |x Španielska próza, španielsky písaná  |2 konspekt 
080 |a 821.134.2(899)-32  |2 2011 
080 |a (0:82-34)  |2 2011 
080 |a (0.053.2)  |2 2011 
100 1 |a Quiroga, Horacio,  |d 1878-1937  |4 aut  |9 124478 
240 1 0 |a Cuentos de la selva  |l Česky 
245 1 0 |a Pohádky z pralesa  |c Horacio Quiroga ; ze španělského původního vydání Cuentos de la selva ... přeložila a doslov napsala Ada Veselá 
264 1 |a Praha  |b Státní nakladatelství dětské knihy  |c 1960 
300 |a 105 strán  |b ilustrácie  |c 21 cm 
490 1 |a Světová knihovnička  |v svazek 25 
650 0 7 |a uruguajské poviedky  |2 SNKPH  |9 151324 
650 0 7 |a Uruguayan short stories  |2 SNKPHeng  |9 580500 
655 7 |a rozprávky  |2 SNKPH  |9 70597 
655 7 |a publikácie pre deti  |2 SNKPH  |9 70148 
655 7 |a Fairy tales  |2 SNKPHeng  |9 265887 
655 7 |a Publications for children  |2 SNKPHeng  |9 276792 
700 1 |a Veselá, A.  |4 trl  |9 53092 
830 0 |a Světová knihovnička  |9 458465 
999 |c 892192  |d 894122 
952 |t P60, <04>, [BOOK], {604}  |a SNK  |b SNK  |y VYP  |7 0  |p 17A0172620  |o snkID 27215 D1  |0 0  |1 1  |4 0  |d 1998-12-04  |l 0  |r 2005-01-02 00:00:00  |w 2026-02-24